LDR 00945nam a2200241 i 4500 001 000000077354 003 CaOOAMICUS 005 20260515122532.0 008 010516s1987 fr u000 u fre u 013 $a48526 020 $a2-204-02577-1 040 $aSeMil$bita 100 1 $aSiegwalt, Gérard,$d<1932- >.$0(OLS)http://semarc/name/2566 245 10$aRéalité et Révélation /$cGérard Siegwalt. 300 $a524 p. 650 4$aRivelazione - Teologia.$0(OLS)http://semarc/subject/1246 773 0 $aSiegwalt, Gérard <1932- >$tFondements de la foi.$dGenève : Labor et Fides ; Paris : Les Éditions du Cerf, 1986-1987.$g2$w()3365 850 $aSeMil 852 $aSeMil$W1$xVenegono$y1$m2B II 661$j272048$B43506$CSeMilBibl$Z2$F42888 $81 961 $aAcquisto: SODIS 996 $6020$a2-204-02577-1$9(OLS)http://semarc/number/58975 996 $6245$aRéalité et Révélation$9(OLS)http://semarc/title/125606